000 00920nam a22002417a 4500
005 20170124105927.0
010 _aA-597000
020 _a8170245001
_c00.00
035 _aA-597000
037 _bCen Lib/Ret
040 _aDPL
_bEN
082 _a305.908161
_bMIS
100 _aMishra, Bharat
_97053
245 _aEminent blind persons of the world /
_cby Bharat Mishra
260 _aNew Delhi
_bAshish publishing house
_c1992
270 _a8/81,Panjabi Bagh
_bNew Delhi
_e110026
300 _axiii,168p.
_c21cm(Hb)
650 _aDifferently abled person-famous personalities
_97054
650 _aWorld famous- personalities
_97055
650 _aअलग ढंग से विकलांग व्यक्ति प्रसिद्ध हस्तियों
_97056
650 _aविश्व प्रसिद्ध हस्तियों
_97057
942 _2ddc
_cEN
_h305.908161
_mMIS
999 _c123586
_d123586